000 01549nam a22002417a 4500
999 _c59509
_d59509
003 Ge_BSU
005 20230306125409.0
008 230306s2001 ge ||||| |||| 00| 0 geo d
020 _a99286127X
041 _ageo
080 _a32(075) შ-93
100 _aშუბითიძე, ვაჟა
_96107
245 _aპოლიტოლოგია : (პოლიტიკური ტექნოლოგიები) :
_b დამხმ. სახელმძღვანელო /
_cვაჟა შუბითიძე, ოთარ ქოჩორაძე ; რედ. გურამ აბესაძე ; საქ. უშიშროების სამინ. აკადემია, საზ. მეცნიერებათა კათედრა.
264 _aთბილისი :
_bსუს აკადემიის გამ–ბა,
_c2001.
300 _a264 გვ. ;
_b20 სმ.
501 _a პოლიტოლოგიურ ცნებათა მოკლე ლექსიკონი: გვ. 254–263.
504 _a ბიბლიოგრ.: გვ. 251–253.
653 _aპოლიტოლოგია
700 _aქოჩორაძე, ოთარ
_eავტორი
_917107
700 _aაბესაძე, გურამ
_eრედაქტორი
_917108
710 _aსაქ. უშიშროების სამინ. აკადემია. საზ. მეცნიერებათა კათედრა.
_917109
942 _2udc
_cBK